000 nam a22 7a 4500
999 _c126916
_d126916
008 170905b xxu||||| |||| 00| 0 eng d
050 _aBL626.3.L69 2007
100 _aLowery, Kevin Twain
_935650
245 _aThe maturity of belief
_bCritically assessing religious faith
_c/ Kevin Twain Lowery
260 _aLondon
_bContinuum
_c2007
300 _aix, 169p. ;
_c22cm.
650 _aFaith
_xKnowledge, Theory of (Religion)
_935651
942 _2lcc
_cMONOGRAPH